[Event "7th Sunway Sitges 2020"]
[Site "Sitges ESP"]
[Date "2020.12.13"]
[Round "1.50"]
[White "Pellicer Roncero, Nestor"]
[Black "Esplugas Esteve, Vicenc"]
[Result "0-1"]
[BlackTitle "FM"]
[WhiteElo "1920"]
[BlackElo "2319"]
[WhiteFideId "22214119"]
[BlackFideId "22200789"]
[EventDate "2020.12.13"]

1. d4 e6 2. c4 b6 3. e4 Bb7 4. Bd3 Nc6 5. Ne2 Nb4 6. O-O Ne7 7. d5 Ng6 8. f4
Bc5+ 9. Kh1 O-O 10. Nbc3 Nxd3 11. Qxd3 f5 12. e5 d6 13. Nd4 Bxd4 14. Qxd4 dxe5
15. fxe5 c5 16. Qe3 Qh4 17. b3 f4 18. Qe1 Qg5 19. g3 exd5 20. cxd5 Rad8 21. Qe4
Qxe5 22. Qxe5 Nxe5 23. Bxf4 Nd3 24. Bg5 Rxf1+ 25. Rxf1 Bxd5+ 26. Nxd5 Rxd5 27.
Be7 h6 28. g4 Ne5 29. h3 Rd2 30. a4 Rd3 31. Rf5 Nc6 32. Rf8+ Kh7 33. Rf7 Kg6 0-1

[Event "7th Sunway Sitges 2020"]
[Site "Sitges ESP"]
[Date "2020.12.13"]
[Round "1.51"]
[White "Carbonell Sancho, Marc"]
[Black "Shatil, Shir"]
[Result "1/2-1/2"]
[WhiteElo "2318"]
[BlackElo "1920"]
[WhiteFideId "32029969"]
[BlackFideId "2828278"]
[EventDate "2020.12.13"]

1. e4 c5 2. Nf3 Nc6 3. d4 cxd4 4. Nxd4 Nf6 5. Nc3 e5 6. Ndb5 d6 7. Bg5 a6 8. Na3
b5 9. Nd5 Be7 10. Bxf6 Bxf6 11. c4 b4 12. Nc2 a5 13. g3 O-O 14. Bg2 Bg5 15. O-O
Ne7 16. h4 Nxd5 17. Qxd5 Be6 18. Qd3 Be7 19. Ne3 Qc7 20. Rac1 Rac8 21. Bf3 Qd7
22. Rfd1 Rc5 23. Nf5 Rd8 24. b3 Bf8 25. Rc2 g6 26. Ne3 h5 27. Qe2 Be7 28. Kh2
Kg7 29. Qf1 Ra8 30. Bg2 a4 31. Bh3 Qb7 32. Qd3 axb3 33. axb3 Ra3 34. Rcc1 Ra2
35. Nc2 Rca5 36. Bxe6 fxe6 37. Kg1 Qa7 38. Rf1 Qc5 39. Ra1 d5 40. Rxa2 Rxa2 41.
exd5 exd5 42. Ne3 dxc4 43. Nxc4 Qd4 44. Qf3 Bc5 45. Qb7+ Kh6 46. Qb8 Kh7 47.
Qb7+ Kh6 48. Qf3 Qc3 49. Qg2 Qxb3 50. Nxe5 Qc3 51. Nf3 Ra3 52. Ng5 Qxg3 53. Ne4
Qxg2+ 54. Kxg2 Be7 55. Rb1 b3 56. Nd2 Ra2 57. Ne4 b2 58. Nc3 Ra3 59. Nd5 Bxh4
60. Rxb2 Ra5 61. Rd2 Bg5 62. Rd3 Ra4 63. Nc3 Ra3 64. Rf3 Bf6 65. Ne4 Rxf3 66.
Kxf3 Be7 67. Kg3 Kg7 68. f3 Kf7 69. Kf4 Ke6 70. Kg3 Kf5 71. Kg2 Bh4 72. Nd6+ Ke5
73. Ne4 Kf4 74. Nc5 Be7 75. Ne4 h4 76. Nf2 Bd6 77. Ne4 Be7 78. Nf2 Bd8 79. Nd3+
Kf5 80. Kh3 g5 81. Kg2 Ke6 82. Kh3 Kd5 83. f4 Ke4 84. fxg5 Kxd3 85. g6 Bf6 86.
g7 Bxg7 87. Kxh4 1/2-1/2

[Event "7th Sunway Sitges 2020"]
[Site "Sitges ESP"]
[Date "2020.12.13"]
[Round "1.52"]
[White "Villa Tornero, Alex"]
[Black "Msellek, Ilyass"]
[Result "0-1"]
[BlackTitle "FM"]
[WhiteElo "1917"]
[BlackElo "2316"]
[WhiteFideId "54501091"]
[BlackFideId "675938"]
[EventDate "2020.12.13"]

1. e4 c5 2. d4 cxd4 3. c3 Nf6 4. e5 Nd5 5. Bc4 Nb6 6. Bb3 d5 7. cxd4 Nc6 8. Nc3
Bf5 9. g4 Bg6 10. f4 e6 11. Nf3 h5 12. f5 hxg4 13. fxg6 gxf3 14. Qxf3 Qh4+ 15.
Kf1 fxg6 16. Nb5 Be7 17. Qe3 O-O+ 18. Ke2 Qg4+ 0-1

[Event "7th Sunway Sitges 2020"]
[Site "Sitges ESP"]
[Date "2020.12.13"]
[Round "1.53"]
[White "Boyer, Mahel"]
[Black "Donate Moreno, Silvia"]
[Result "1-0"]
[WhiteTitle "FM"]
[WhiteElo "2307"]
[BlackElo "1903"]
[WhiteFideId "45102422"]
[BlackFideId "24581887"]
[EventDate "2020.12.13"]

1. Nf3 Nf6 2. c4 g6 3. Nc3 Bg7 4. d4 d6 5. e3 O-O 6. Be2 Nbd7 7. O-O e5 8. Qc2
Re8 9. b4 Qe7 10. Bb2 Nf8 11. Rfe1 Bf5 12. e4 Bg4 13. d5 Bxf3 14. Bxf3 g5 15. h3
Ng6 16. Nd1 h5 17. Ne3 Qd7 18. Qd1 Nf4 19. Nf5 Kh7 20. Kh2 Rh8 21. g3 Nxh3 22.
Kxh3 g4+ 23. Kg2 gxf3+ 24. Qxf3 Ng4 25. Rh1 Kg8 26. Rxh5 Nh6 27. Rxh6 Bxh6 28.
Qg4+ Kf8 29. Bc1 Ke8 30. Bxh6 Qa4 31. Qg7 Kd7 32. Qxf7+ Kd8 33. Qf6+ Kd7 34.
Qe6+ Kd8 35. Bg5# 1-0

[Event "7th Sunway Sitges 2020"]
[Site "Sitges ESP"]
[Date "2020.12.13"]
[Round "1.54"]
[White "Jimenez Martinez, Javier"]
[Black "Garcia Gimenez, Santiago"]
[Result "0-1"]
[WhiteElo "1894"]
[BlackElo "2300"]
[WhiteFideId "2255499"]
[BlackFideId "32063350"]
[EventDate "2020.12.13"]

1. d4 Nf6 2. Bg5 Ne4 3. h4 d5 4. Nd2 Nxg5 5. hxg5 Bf5 6. Ngf3 e6 7. Nh4 Qxg5 8.
Nxf5 Qxf5 9. e3 h6 10. Bd3 Qf6 11. c3 Nd7 12. f4 Bd6 13. Qb3 Rb8 14. Qa4 a6 15.
g3 c6 16. e4 Qg6 17. Kf2 Nf6 18. Qc2 dxe4 19. Nxe4 Nxe4+ 20. Bxe4 Qf6 21. Raf1
O-O 22. b4 Rfe8 23. Kg2 Rbc8 24. Rh5 Kf8 25. Qe2 Rc7 26. a3 Rd7 27. Qf3 Bc7 28.
g4 a5 29. g5 hxg5 30. fxg5 Qxf3+ 31. Rxf3 Ke7 32. Rh7 Rg8 33. Rh1 axb4 34. axb4
Rdd8 35. b5 cxb5 36. Bxb7 Rh8 37. Rxh8 Rxh8 38. Rh3 Rb8 39. Be4 Bf4 40. g6 f5
41. Rf3 Bd6 42. Bd3 f4 43. c4 bxc4 44. Bxc4 Rb4 45. Rc3 Kf6 46. Kf3 Rb2 47. Bd3
Rd2 48. Ke4 Rg2 49. Kf3 Rg3+ 50. Kf2 Bb8 51. Ra3 Re3 52. Kg2 Kg5 53. Kf2 Kh4 54.
Ra8 Rxd3 55. Rxb8 Rxd4 56. Re8 Rd6 57. Re7 Kg5 58. Rxg7 e5 59. Re7 Kf5 60. g7
Rg6 61. Kf3 Rg3+ 62. Kf2 Kf6 63. Re8 Rxg7 64. Rf8+ Ke6 65. Rd8 Kf5 66. Rf8+ Ke4
67. Ra8 Rb7 68. Ra4+ Kf5 69. Ra5 Rb3 70. Rc5 f3 71. Kg3 Rd3 72. Rc4 e4 73. Rc5+
Ke6 74. Ra5 Rd5 75. Ra4 Ke5 76. Ra8 Rd2 77. Re8+ Kd4 78. Rd8+ Ke3 79. Rf8 Rg2+
80. Kh3 Rg7 0-1

[Event "7th Sunway Sitges 2020"]
[Site "Sitges ESP"]
[Date "2020.12.13"]
[Round "1.55"]
[White "Dalaud, Dorian"]
[Black "Gayon, Benoit"]
[Result "1-0"]
[WhiteElo "2291"]
[BlackElo "1891"]
[WhiteFideId "36093270"]
[BlackFideId "632040"]
[EventDate "2020.12.13"]

1. e4 e5 2. Nf3 Nc6 3. d4 exd4 4. Nxd4 Bc5 5. Nb3 Bb6 6. Nc3 Qf6 7. Qe2 Nge7 8.
Be3 O-O 9. O-O-O d6 10. Kb1 Bxe3 11. Qxe3 Be6 12. f4 Bxb3 13. axb3 a5 14. g4 Ng6
15. Nd5 Qd8 16. h4 a4 17. h5 Nge7 18. h6 axb3 19. Qc3 bxc2+ 20. Kxc2 f6 21. Bc4
Nxd5 22. Rxd5 Kh8 23. hxg7+ Kxg7 24. Rg5+ Kh8 25. Rxh7+ 1-0

[Event "7th Sunway Sitges 2020"]
[Site "Sitges ESP"]
[Date "2020.12.13"]
[Round "1.56"]
[White "Follana Albelda, Lucia"]
[Black "Garcia Jimenez, Francisco Javier"]
[Result "0-1"]
[BlackTitle "FM"]
[WhiteElo "1884"]
[BlackElo "2288"]
[WhiteFideId "24516937"]
[BlackFideId "2231590"]
[EventDate "2020.12.13"]

1. e4 d5 2. exd5 Qxd5 3. Nf3 Nf6 4. d4 Bg4 5. Be2 e6 6. c4 Bb4+ 7. Bd2 Qd6 8.
Ne5 Bxd2+ 9. Qxd2 Bxe2 10. Qxe2 Qxd4 11. O-O Nbd7 12. Nxd7 Qxd7 13. Rd1 Qc6 14.
Na3 O-O 15. Qd3 a6 16. Rac1 Rfe8 17. b4 Qe4 18. Qxe4 Nxe4 19. Rd7 Rac8 20. Rcd1
Nf6 21. R7d3 Kf8 22. c5 Nd5 23. b5 Ra8 24. b6 cxb6 25. cxb6 Rac8 26. g3 Rc6 27.
Rb1 Rec8 28. Rbb3 Ke7 29. Kg2 Rxb6 30. Rxb6 Nxb6 31. Rb3 Rc6 32. Nb1 Kd7 33. Nd2
Kc7 34. Ne4 f6 35. h4 Nd7 36. Re3 Nc5 37. Nxc5 Rxc5 38. Rxe6 Re5 39. Rxe5 fxe5
40. Kf3 Kd6 41. Ke4 b5 42. Kd3 Kd5 43. f3 a5 44. g4 b4 45. Kc2 a4 46. Kd3 b3 47.
axb3 axb3 48. Kc3 b2 0-1

[Event "7th Sunway Sitges 2020"]
[Site "Sitges ESP"]
[Date "2020.12.13"]
[Round "1.57"]
[White "Ortega Serra, Marc"]
[Black "Sanleon Pravisano, Nieves"]
[Result "1-0"]
[WhiteElo "2288"]
[BlackElo "1847"]
[WhiteFideId "2293137"]
[BlackFideId "32088590"]
[EventDate "2020.12.13"]

1. d4 d5 2. c4 dxc4 3. Nf3 Nf6 4. e3 e6 5. Bxc4 a6 6. O-O c5 7. Qe2 b5 8. Bb3
Bb7 9. a4 Nbd7 10. Rd1 Qb6 11. e4 cxd4 12. e5 Ng4 13. h3 d3 14. Rxd3 Ngxe5 15.
Nxe5 Nxe5 16. Rg3 Ng6 17. axb5 axb5 18. Rxa8+ Bxa8 19. Rg5 Bc6 20. Nc3 Be7 21.
Rg4 O-O 22. Bc2 b4 23. Nd1 Bb5 24. Qe1 Rc8 25. Ne3 Qc5 26. Bd2 Qe5 27. Qb1 f5
28. Rxb4 Bxb4 29. Bxb4 Bd7 30. Bc3 Qd6 31. Bb3 Kh8 32. Nc4 Qa6 33. Qd1 Be8 34.
Nd6 Rd8 35. Nf7+ Bxf7 36. Qxd8+ Bg8 37. Qd7 e5 38. Bxg8 Kxg8 39. Qe8+ Nf8 40.
Qxe5 Qg6 41. b4 h5 42. b5 Nd7 43. Qd5+ 1-0

[Event "7th Sunway Sitges 2020"]
[Site "Sitges ESP"]
[Date "2020.12.13"]
[Round "1.58"]
[White "Bibilashvili, Lali"]
[Black "Jimenez Ruano, Adrian"]
[Result "0-1"]
[WhiteTitle "WCM"]
[BlackTitle "FM"]
[WhiteElo "1830"]
[BlackElo "2279"]
[WhiteFideId "13604236"]
[BlackFideId "22276050"]
[EventDate "2020.12.13"]

1. c4 e5 2. Nc3 Nf6 3. g3 d5 4. cxd5 Nxd5 5. Bg2 Nb6 6. Nf3 Nc6 7. O-O Be7 8. d3
O-O 9. Bd2 Be6 10. Ne4 f6 11. h3 a5 12. Be3 Nd5 13. Bc5 b6 14. Bxe7 Qxe7 15. Qa4
Na7 16. Rfc1 c5 17. Nc3 Nxc3 18. bxc3 Bd5 19. Qh4 b5 20. Ng5 fxg5 21. Bxd5+ Kh8
22. Qh5 g6 23. Qg4 Rad8 24. Bf3 Nc8 25. a4 Nd6 26. h4 c4 27. h5 cxd3 28. exd3
Qf6 29. Kg2 e4 30. dxe4 Nc4 31. hxg6 hxg6 32. Rh1+ Kg7 33. Rad1 Rxd1 34. Rxd1
Ne5 35. Rd7+ Kg8 0-1

[Event "7th Sunway Sitges 2020"]
[Site "Sitges ESP"]
[Date "2020.12.13"]
[Round "1.59"]
[White "Souhardo, Basak"]
[Black "Abadia Pascual, Luis"]
[Result "1-0"]
[WhiteElo "2276"]
[BlackElo "1823"]
[WhiteFideId "35092910"]
[BlackFideId "2284839"]
[EventDate "2020.12.13"]

1. e4 e6 2. d4 d5 3. Nd2 c5 4. exd5 Qxd5 5. dxc5 Nf6 6. Ngf3 Bxc5 7. Bc4 Qh5 8.
O-O O-O 9. Nb3 Bb6 10. Qe2 Nc6 11. Bf4 e5 12. Bg3 e4 13. Ne5 Qxe2 14. Bxe2 Nxe5
15. Bxe5 Bg4 16. Rfe1 e3 17. f3 Bf5 18. c4 Rfe8 19. Bd6 a5 20. c5 Ba7 21. Rac1
Rac8 22. Nxa5 b6 23. cxb6 Bxb6 24. Nc4 Ba7 25. b4 Nd5 26. Bg3 Bg6 27. Nd6 Rxc1
28. Rxc1 Rd8 29. b5 h5 30. Rc8 Rxc8 31. Nxc8 Nc3 32. Kf1 1-0

[Event "7th Sunway Sitges 2020"]
[Site "Sitges ESP"]
[Date "2020.12.13"]
[Round "1.60"]
[White "Shatil, Or"]
[Black "Hernando Rodrigo, Julio Antonio"]
[Result "0-1"]
[WhiteTitle "WCM"]
[BlackTitle "IM"]
[WhiteElo "1811"]
[BlackElo "2275"]
[WhiteFideId "2842475"]
[BlackFideId "2208350"]
[EventDate "2020.12.13"]

1. e4 e6 2. d4 d5 3. Nd2 c5 4. exd5 exd5 5. Ngf3 Nc6 6. Bb5 Bd6 7. dxc5 Bxc5 8.
O-O Ne7 9. Nb3 Bd6 10. Re1 O-O 11. c3 Bg4 12. Be2 Bc7 13. h3 Bf5 14. Bd3 Qd6 15.
Be3 Bg6 16. Bc5 Qf6 17. Nfd4 Rfd8 18. Nb5 Be5 19. N3d4 a6 20. Nxc6 Nxc6 21. Nd4
Bxd4 22. cxd4 b6 23. Bxb6 Rdb8 24. Bc5 Rxb2 25. Be2 Rab8 26. Qa4 Bd3 27. Qd1 Be4
28. f3 Bf5 29. Kh1 h5 30. Rg1 Qg5 31. Bd3 Rd2 32. Qa4 Bd7 33. Qxa6 Qg3 34. Rad1
Rxd1 35. Rxd1 Bxh3 36. Rg1 Bc8 0-1

[Event "7th Sunway Sitges 2020"]
[Site "Sitges ESP"]
[Date "2020.12.14"]
[Round "2.1"]
[White "Martin Duque, Jesus"]
[Black "Korobov, Anton"]
[Result "0-1"]
[WhiteTitle "IM"]
[BlackTitle "GM"]
[WhiteElo "2414"]
[BlackElo "2693"]
[WhiteFideId "2208954"]
[BlackFideId "14105730"]
[EventDate "2020.12.13"]

1. e4 c5 2. Nf3 Nc6 3. Bb5 e6 4. O-O Nge7 5. Re1 Nd4 6. Nxd4 cxd4 7. c3 a6 8.
Ba4 b5 9. Bb3 Nc6 10. d3 Bb7 11. a4 b4 12. cxd4 Nxd4 13. Be3 Nxb3 14. Qxb3 d5
15. Nd2 Be7 16. a5 O-O 17. Bb6 Qd7 18. Nf3 Rfc8 19. e5 d4 20. Nxd4 Qd5 21. Qxd5
Bxd5 22. f4 g5 23. f5 g4 24. f6 Bf8 25. Re2 b3 26. Kf2 h5 27. h3 Kh7 28. hxg4
hxg4 29. Rh1+ Kg6 30. Rh4 Bh6 31. Rxg4+ Kh5 32. Rg3 Bf4 33. Rg7 Rg8 34. Rxf7
Rxg2+ 35. Kf1 Rxe2 36. Nxe2 Bxe5 37. Bd4 Kg6 38. Rg7+ Kxf6 39. Rc7 Bxd4 40. Nxd4
Rh8 41. Ra7 Rh3 42. Rxa6 Rxd3 43. Nc6 Rd2 44. Ke1 Rxb2 45. Nb4 Be4 46. Rb6 Rh2
47. Nd3 Bxd3 48. Rxb3 Be4 49. Ra3 Bd5 0-1

[Event "7th Sunway Sitges 2020"]
[Site "Sitges ESP"]
[Date "2020.12.14"]
[Round "2.2"]
[White "Cheparinov, Ivan"]
[Black "Travadon, Loic"]
[Result "1-0"]
[WhiteTitle "GM"]
[BlackTitle "IM"]
[WhiteElo "2660"]
[BlackElo "2421"]
[WhiteFideId "2905540"]
[BlackFideId "26092131"]
[EventDate "2020.12.13"]

1. d4 Nf6 2. c4 g6 3. Nc3 Bg7 4. e4 d6 5. Nf3 O-O 6. Be2 Na6 7. O-O e5 8. Re1 c6
9. Be3 exd4 10. Nxd4 Re8 11. f3 Nc7 12. Qd2 Qe7 13. Bf1 Ne6 14. Rad1 Nxd4 15.
Bxd4 Be6 16. Nd5 Bxd5 17. exd5 Qc7 18. dxc6 bxc6 19. Rxe8+ Rxe8 20. Bf2 Rd8 21.
b4 d5 22. Qe3 Ra8 23. cxd5 Nxd5 24. Qc5 Bf8 25. Qc4 Nb6 26. Qe4 Nd5 27. Qc4 Nb6
28. Qd4 Qb7 29. a3 Rc8 30. Qf6 Qe7 31. Qxe7 Bxe7 32. Ba6 Rc7 33. Bg3 Rd7 34.
Rxd7 Nxd7 35. Kf1 Bf6 36. Bf2 Nb6 37. Bb7 Bb2 38. a4 Nxa4 39. Bxa7 Bc3 40. Bxc6
Nb2 41. b5 Nd3 42. Be3 1-0

[Event "7th Sunway Sitges 2020"]
[Site "Sitges ESP"]
[Date "2020.12.14"]
[Round "2.3"]
[White "Svoboda, Vaclav2"]
[Black "Grigoryan, Karen H."]
[Result "1/2-1/2"]
[BlackTitle "GM"]
[WhiteElo "2407"]
[BlackElo "2651"]
[WhiteFideId "323551"]
[BlackFideId "13301004"]
[EventDate "2020.12.13"]

1. d4 Nf6 2. c4 c5 3. d5 g6 4. Nc3 Bg7 5. e4 d6 6. h3 O-O 7. Nf3 e6 8. Bd3 Na6
9. Bg5 h6 10. Be3 Nc7 11. Qd2 Kh7 12. Rb1 exd5 13. exd5 b5 14. b3 b4 15. Ne2 Re8
16. O-O Ne4 17. Qc2 f5 18. Rbe1 Qf6 19. Ng3 Nc3 20. h4 Rf8 21. Qd2 Bd7 22. h5
Be8 23. Ng5+ hxg5 24. Bxg5 Qd4 25. Re7 N7xd5 26. cxd5 Kg8 27. Be3 Qf6 28. Bg5
Qd4 29. Rxg7+ Qxg7 30. Bh6 Qf6 31. Bxf8 Kxf8 32. Qh6+ Qg7 33. Qf4 Qe5 34. Qh6+
Qg7 35. Qf4 Qe5 36. Qh6+ 1/2-1/2

[Event "7th Sunway Sitges 2020"]
[Site "Sitges ESP"]
[Date "2020.12.14"]
[Round "2.4"]
[White "Ayats Llobera, Gerard"]
[Black "Moussard, Jules"]
[Result "0-1"]
[WhiteTitle "IM"]
[BlackTitle "GM"]
[WhiteElo "2400"]
[BlackElo "2626"]
[WhiteFideId "32067607"]
[BlackFideId "642908"]
[EventDate "2020.12.13"]

1. e4 c5 2. Nf3 d6 3. d4 cxd4 4. Nxd4 Nf6 5. Nc3 Nc6 6. Bg5 Bd7 7. Bc4 a6 8. O-O
e6 9. Nxc6 Bxc6 10. Bxf6 Qxf6 11. a4 g6 12. Qd3 Rd8 13. f4 Bg7 14. Rad1 O-O 15.
Kh1 Kh8 16. Bb3 Qe7 17. Rde1 Rfe8 18. Re3 Qd7 19. a5 Qc7 20. f5 Qxa5 21. f6 Bh6
22. Rh3 Bg5 23. Qg3 Qe5 24. Qg4 Bxf6 25. Rhf3 Bg7 26. Rxf7 Rd7 27. Rxd7 Bxd7 28.
Qd1 Bc6 29. Qd3 b5 30. Rd1 Rf8 31. Rf1 Rxf1+ 32. Qxf1 Bf6 33. Qa1 b4 34. Ne2
Qxb2 35. Qxa6 0-1

[Event "7th Sunway Sitges 2020"]
[Site "Sitges ESP"]
[Date "2020.12.14"]
[Round "2.5"]
[White "Santos Latasa, Jaime"]
[Black "Vlachos, Anatole"]
[Result "1-0"]
[WhiteTitle "GM"]
[BlackTitle "IM"]
[WhiteElo "2588"]
[BlackElo "2413"]
[WhiteFideId "2293307"]
[BlackFideId "26093189"]
[EventDate "2020.12.13"]

1. e4 c5 2. Nf3 Nc6 3. Nc3 Nf6 4. Bb5 Qc7 5. O-O a6 6. Bxc6 dxc6 7. d4 cxd4 8.
Qxd4 Bg4 9. e5 Rd8 10. Qa4 Bxf3 11. exf6 Bd5 12. Rd1 Be6 13. Bf4 Rxd1+ 14. Rxd1
Qc8 15. Qa5 gxf6 16. Bc7 Bd7 17. Ne4 1-0

[Event "7th Sunway Sitges 2020"]
[Site "Sitges ESP"]
[Date "2020.12.14"]
[Round "2.6"]
[White "Lin, Yingrui"]
[Black "Santos Ruiz, Miguel"]
[Result "0-1"]
[BlackTitle "GM"]
[WhiteElo "2387"]
[BlackElo "2581"]
[WhiteFideId "32094272"]
[BlackFideId "22291482"]
[EventDate "2020.12.13"]

1. d4 Nf6 2. c4 e6 3. Nc3 Bb4 4. Bd2 d5 5. cxd5 exd5 6. e3 O-O 7. Bd3 Re8 8. Nf3
Bd6 9. Nb5 Bf8 10. Ne5 c5 11. O-O Nc6 12. Nxc6 bxc6 13. Nc3 cxd4 14. exd4 Qb6
15. Bg5 Ne4 16. Bxe4 dxe4 17. Na4 Qb5 18. Be3 Qf5 19. Qe2 Bd6 20. Rac1 Qg6 21.
f4 exf3 22. Qxf3 Bg4 23. Qf2 Bh3 24. Rc3 Re4 25. Kh1 Be6 26. Nc5 Qh5 27. g4 Rxg4
28. Nxe6 fxe6 29. Bd2 Rf8 30. Rf3 Rxf3 31. Qxf3 Qxh2# 0-1

[Event "7th Sunway Sitges 2020"]
[Site "Sitges ESP"]
[Date "2020.12.14"]
[Round "2.7"]
[White "Ootes, Lars"]
[Black "Cornette, Matthieu"]
[Result "0-1"]
[WhiteTitle "IM"]
[BlackTitle "GM"]
[WhiteElo "2373"]
[BlackElo "2558"]
[WhiteFideId "1019708"]
[BlackFideId "620084"]
[EventDate "2020.12.13"]

1. e4 c5 2. Nf3 Nc6 3. d4 cxd4 4. Nxd4 e5 5. Nb5 d6 6. N1c3 a6 7. Na3 Be6 8. Nc4
Rb8 9. h4 Nf6 10. Bg5 Nd4 11. Nd5 Bxd5 12. exd5 h6 13. Bxf6 Qxf6 14. c3 Nf5 15.
Nb6 Qd8 16. Qa4+ Ke7 17. Qb4 h5 18. a4 g6 19. a5 Nh6 20. Bd3 f5 21. Bc2 Ng4 22.
Ba4 Qc7 23. Rd1 Rd8 24. Qa3 Bh6 25. c4 e4 26. O-O Kf7 27. Rfe1 Qe7 28. Qh3 e3
29. fxe3 Bxe3+ 30. Rxe3 Qxe3+ 31. Qxe3 Nxe3 32. Re1 f4 33. g3 Nf5 34. gxf4 Nxh4
35. Re6 Nf5 36. Kg2 Rhg8 37. Bd7 g5 38. Re4 Rxd7 39. Nxd7 g4 40. Re6 Rg6 41. Re1
h4 42. c5 h3+ 43. Kh2 Rh6 44. c6 g3+ 45. Kg1 bxc6 46. dxc6 Ne3 47. Re2 g2 0-1

[Event "7th Sunway Sitges 2020"]
[Site "Sitges ESP"]
[Date "2020.12.14"]
[Round "2.8"]
[White "Maze, Sebastien"]
[Black "Romanishin, Oleg M"]
[Result "1/2-1/2"]
[WhiteTitle "GM"]
[BlackTitle "GM"]
[WhiteElo "2557"]
[BlackElo "2402"]
[WhiteFideId "613762"]
[BlackFideId "14100088"]
[EventDate "2020.12.13"]

1. e4 e5 2. Nf3 Nc6 3. Bb5 a6 4. Bxc6 dxc6 5. O-O Qd6 6. Na3 Qe6 7. d4 f6 8.
dxe5 fxe5 9. Ng5 Qe7 10. Nc4 b5 11. Na5 Bd7 12. a4 Nf6 13. Nb3 Rd8 14. Qe2 Bg4
15. f3 Bh5 16. axb5 axb5 17. Rd1 Nd7 18. Be3 h6 19. Nh3 Qe6 20. Ra6 Rc8 21. Nf2
Be7 22. Nd3 O-O 23. Bc5 Bd6 24. Bxd6 cxd6 25. Nb4 Nb8 26. Ra7 c5 27. Nd5 Nc6 28.
Rb7 c4 29. Nd2 Rb8 30. Rxb8 Rxb8 31. c3 Ne7 32. Nxe7+ Qxe7 33. Nf1 Bf7 34. Ne3
b4 35. Nf5 Qa7+ 36. Qf2 Qa4 37. Rf1 bxc3 38. bxc3 Be6 39. Ne3 Qa3 40. Qe1 Rb3
41. Nd1 Qc5+ 42. Qf2 Qxf2+ 43. Rxf2 Kf7 44. Rd2 Ke7 45. Kf2 Ra3 46. Rb2 Bd7 47.
Ne3 Be6 48. Rc2 Kd7 49. Ke2 Kc6 50. Kd2 d5 51. exd5+ Bxd5 52. Rb2 Be6 53. Nc2 1/2-1/2

[Event "7th Sunway Sitges 2020"]
[Site "Sitges ESP"]
[Date "2020.12.14"]
[Round "2.9"]
[White "Garcia Martin, Marta"]
[Black "Plat, Vojtech"]
[Result "0-1"]
[WhiteTitle "IM"]
[BlackTitle "GM"]
[WhiteElo "2342"]
[BlackElo "2552"]
[WhiteFideId "32084030"]
[BlackFideId "325740"]
[EventDate "2020.12.13"]

1. e4 c5 2. Nf3 Nc6 3. c3 Nf6 4. e5 Nd5 5. d4 cxd4 6. Bc4 Nb6 7. Bb3 d6 8. exd6
Qxd6 9. O-O Be6 10. Nxd4 Nxd4 11. cxd4 Bxb3 12. Qxb3 g6 13. Nc3 Bg7 14. a4 Qd7
15. a5 Nc8 16. Ne4 O-O 17. Be3 b6 18. d5 Qf5 19. Nc3 Rb8 20. Rfd1 Be5 21. a6 Nd6
22. Bd4 Rbc8 23. Bxe5 Qxe5 24. Re1 Qf6 25. Ne4 Nxe4 26. Rxe4 Rfd8 27. g3 Rc5 28.
Rae1 Rd7 29. Qe3 Rc2 30. Rf4 Qg7 31. b4 Qc3 32. Qe4 Qd2 33. Kg2 Rcc7 34. Rf3
Qxd5 35. Qf4 f6 36. Re3 g5 37. Qg4 Rc4 38. Qh5 Qf7 39. Qh6 Rxb4 40. Rc3 Rc4 41.
h4 Rxc3 42. Rxc3 Qd5+ 43. Kh2 Rd8 44. Re3 Qf5 45. Kg2 Rd2 0-1

[Event "7th Sunway Sitges 2020"]
[Site "Sitges ESP"]
[Date "2020.12.14"]
[Round "2.10"]
[White "Fier, Alexandr"]
[Black "Valenzuela Gomez, Fernando"]
[Result "1-0"]
[WhiteTitle "GM"]
[BlackTitle "IM"]
[WhiteElo "2549"]
[BlackElo "2390"]
[WhiteFideId "2107139"]
[BlackFideId "3409392"]
[EventDate "2020.12.13"]

1. e4 c5 2. Nf3 d6 3. d4 cxd4 4. Nxd4 Nf6 5. Nc3 a6 6. f3 e5 7. Nb3 Be6 8. Be3
Be7 9. Qd2 O-O 10. O-O-O Nbd7 11. g4 b5 12. g5 Nh5 13. Kb1 Nb6 14. Na5 Rc8 15.
a3 g6 16. Rg1 Qc7 17. Nd5 Nxd5 18. exd5 Bd7 19. c4 Nf4 20. Rc1 Qd8 21. h4 Re8
22. Nc6 Bxc6 23. dxc6 b4 24. Qxb4 Rxc6 25. Qa4 Qc7 26. h5 Rb8 27. h6 d5 28. Rc2
Bc5 29. Bxf4 Bxg1 30. Bxe5 Qxe5 31. Qxc6 Qe1+ 32. Ka2 Bd4 33. cxd5 Qc1 34. Qe8+
Rxe8 35. Rxc1 Rb8 36. Rc2 a5 37. d6 Kf8 38. Bb5 Be3 39. d7 1-0

[Event "7th Sunway Sitges 2020"]
[Site "Sitges ESP"]
[Date "2020.12.14"]
[Round "2.11"]
[White "Eden, James"]
[Black "Nevednichy, Vladislav"]
[Result "1/2-1/2"]
[WhiteTitle "IM"]
[BlackTitle "GM"]
[WhiteElo "2323"]
[BlackElo "2546"]
[WhiteFideId "666491"]
[BlackFideId "1205730"]
[EventDate "2020.12.13"]

1. e4 c5 2. Nf3 d6 3. d4 cxd4 4. Nxd4 Nf6 5. Nc3 Nc6 6. Bg5 e6 7. Qd2 a6 8.
O-O-O h6 9. Bh4 Nxe4 10. Qf4 Ng5 11. Qe3 Nxd4 12. Qxd4 e5 13. Qe3 Be6 14. g3 f6
15. Bd3 Nf7 16. Bg6 Be7 17. Nd5 O-O 18. Qb3 Nh8 19. Bf5 Bf7 20. Qxb7 Re8 21. g4
Ng6 22. Bg3 Bf8 23. Be4 Qa5 24. Nc3 Rab8 25. Rd5 Qxc3 26. Qxf7+ Kxf7 27. bxc3
Rb6 28. c4 Be7 29. c5 dxc5 30. Rhd1 Reb8 31. c3 Rb2 32. Rd7 Nf8 33. Ra7 g5 34.
Rxa6 c4 35. Ra7 R2b6 36. a4 Ke8 37. a5 Ba3+ 38. Kd2 Rd6+ 39. Ke1 Rxd1+ 40. Kxd1
Ne6 41. a6 Nc5 42. Bg6+ Kd8 43. Rf7 Nxa6 44. Rxf6 Nc7 45. Bxe5 Rb5 46. Bd4 Bc5
47. Bxc5 Rxc5 48. Be4 Ra5 49. Rxh6 Nb5 50. Rh3 Ra3 51. Kd2 Ra2+ 52. Ke1 Ra1+ 53.
Ke2 Ra3 54. Re3 Rxc3 55. Rxc3 Nxc3+ 56. Kf3 Ke7 57. Bc2 Kf6 58. Kg3 Ne2+ 59. Kg2
c3 60. Bf5 Nd4 61. Bd3 Ke5 62. Kg3 Ne2+ 63. Kf3 Nf4 64. Bc2 Nd5 65. Bb1 Nb4 66.
Kg3 c2 67. Bxc2 Nxc2 68. h4 gxh4+ 1/2-1/2